000 00504nam a2200181 a 4500
005 20140310183414.0
008 070918s19uu xx 00 eng d
020 _a0735710783
050 _aTK 5105.888
_b.Sh478 2001
100 _aShedroff, Nathan.
245 _aExperience design /
_cNathan Shedroff
260 _aIndianapolis, Indiana :
_bNew Riders,
_c2001.
300 _a304 p. :
_bcol. ill. ;
_c22 cm.
521 _aMA
650 _aDesign, Industrial.
942 _cBK
_2lcc
_kFOR
999 _c22543
_d22543